Introducción al análisis matemático (Registro nro. 1247)

Detalles MARC
000 -LEADER
fixed length control field 00885 a2200229 4500
001 - CONTROL NUMBER
control field 24970
005 - DATE AND TIME OF LATEST TRANSACTION
control field 20260407155532.0
008 - FIXED-LENGTH DATA ELEMENTS--GENERAL INFORMATION
fixed length control field 260407a1987 arg spa d
003 - CONTROL NUMBER IDENTIFIER
control field AR-UNSa-BCEJYS
040 ## - CATALOGING SOURCE
Original cataloging agency AR-UNSa-BCEJYS
Language of cataloging spa
Transcribing agency AR-UNSa-BCEJYS
080 ## - UNIVERSAL DECIMAL CLASSIFICATION NUMBER
Universal Decimal Classification number 517.5
Common auxiliary subdivision Teoría de funciones
020 ## - INTERNATIONAL STANDARD BOOK NUMBER
International Standard Book Number 978-950-02-5237-9
041 ## - LANGUAGE CODE
Language code of text/sound track or separate title spa
100 1# - MAIN ENTRY--PERSONAL NAME
Personal name Rabuffetti, Hebe T.
245 10 - TITLE STATEMENT
Title Introducción al análisis matemático
Name of part/section of a work Cálculo 1
250 ## - EDITION STATEMENT
Edition statement 10a. ed
264 #1 - PRODUCTION, PUBLICATION, DISTRIBUTION, MANUFACTURE, AND COPYRIGHT NOTICE
Place of production, publication, distribution, manufacture Buenos Aires :
Name of producer, publisher, distributor, manufacturer El Ateneo
Date of production, publication, distribution, manufacture, or copyright notice 1987
300 ## - PHYSICAL DESCRIPTION
Extent 399 p.
Dimensions 23 cm.
505 ## - FORMATTED CONTENTS NOTE
Formatted contents note 1. Nociones Previas - 2. Conjuntos de puntos - 3. Funciones escalares - 4. Límite funcional - 5. Continuidad - 6. Derivada - 7. Máximos y mínimos - 8. Fórmulas de Taylor - 9. Sucesiones numéricas - 10. Series numéricas - 11. Primitivas - 12.Integral definida.
590 ## - LOCAL NOTE (RLIN)
Local note niveau_biblio:m niveau_hierar:0
942 ## - ADDED ENTRY ELEMENTS (KOHA)
Koha item type
Existencias
Withdrawn status Lost status Damaged status Not for loan Home library Current library Shelving location Date acquired Total checkouts Full call number Barcode Date last seen Price effective from Koha item type Public note
        Biblioteca Prof. Eusebio Cleto del Rey Biblioteca Prof. Eusebio Cleto del Rey   07/04/2026   517.5 R117 v.1 10ed. L53637 07/04/2026 07/04/2026 Libro  
        Biblioteca Prof. Eusebio Cleto del Rey Biblioteca Prof. Eusebio Cleto del Rey   07/04/2026   517.5 R117 v.1 10ed. L53699 07/04/2026 07/04/2026 Libro SUBRAYADO Y ESCRITO C/ LÁPIZ - 1RAS Y ÚLTIMAS HOJAS DAÑADAS
        Biblioteca Prof. Eusebio Cleto del Rey Biblioteca Prof. Eusebio Cleto del Rey   07/04/2026   517.5 R117 v.1 10ed. L53695 07/04/2026 07/04/2026 Libro MANCHADO - LÁPIZ - LAPICERA - RESALTADOR AMARILLO-
        Biblioteca Prof. Eusebio Cleto del Rey Biblioteca Prof. Eusebio Cleto del Rey   07/04/2026   517.5 R117 v.1 10ed. L70480 07/04/2026 07/04/2026 Libro MANCHADO - LÁPIZ LEVE
        Biblioteca Prof. Eusebio Cleto del Rey Biblioteca Prof. Eusebio Cleto del Rey   07/04/2026   517.5 R117 v.1 10ed. L70476 07/04/2026 07/04/2026 Libro MANCHADO - LÁPIZ -
        Biblioteca Prof. Eusebio Cleto del Rey Biblioteca Prof. Eusebio Cleto del Rey   07/04/2026   517.5 R117 v.1 10ed. L70478 07/04/2026 07/04/2026 Libro MANCHADO - LÁPIZ -
        Biblioteca Prof. Eusebio Cleto del Rey Biblioteca Prof. Eusebio Cleto del Rey   07/04/2026   517.5 R117 v.1 10ed. L58069 07/04/2026 07/04/2026 Libro LÁPIZ - MANCHADO -
        Biblioteca Prof. Eusebio Cleto del Rey Biblioteca Prof. Eusebio Cleto del Rey   07/04/2026   517.5 R117 v.1 10ed. L70479 07/04/2026 07/04/2026 Libro  
        Biblioteca Prof. Eusebio Cleto del Rey Biblioteca Prof. Eusebio Cleto del Rey   07/04/2026   517.5 R117 v.1 10ed. L53697 07/04/2026 07/04/2026 Libro MANCHADO - LÁPIZ - LAPICERA - FIBRA ROSA EN PAG. 26 -